| 000 | 00500nam a22001697a 4500 | ||
|---|---|---|---|
| 008 | 230706b |||||||| |||| 00| 0 eng d | ||
| 040 |
_aNational Science Library _cNational Science Library |
||
| 080 |
_a82-3 PAN _bN2 |
||
| 100 | _aPande, Mrinal | ||
| 245 | _aपटरंगपुर पुरार्ण | ||
| 246 | _aPatrangpur puran | ||
| 260 |
_aNew Delhi: _bRadhakrishna Prakashan, _c1992 |
||
| 300 | _a156p. | ||
| 365 |
_b40.00 _cINR |
||
| 650 | _aHindi short stroies | ||
| 942 |
_2udc _cHBK |
||
| 999 |
_c50407 _d50407 |
||